[Event "DVM U12 2017"]
[Site "Magdeburg GER"]
[Date "2017.12.29"]
[Round "5"]
[White "Popovici, Liviu-Daniel"]
[Black "Röll, Lea"]
[Result "1/2-1/2"]
[Termination "normal"]
[Board "5.3"]
[WhiteElo "1213"]
[BlackElo "1208"]
[WhiteClock "00:36:51"]
[BlackClock "00:32:45"]
[WhiteTeam "SC Tarrasch 45 München"]
[BlackTeam "SC Vaterstetten"]
[PlyCount "94"]
[WhiteFideId "1253689"]
[BlackFideId "16255437"]
[EventCountry "GER"]
[EventRounds "7"]
[EventType "team-swiss"]
[EventDate "2017.12.26"]

1. e4 {[%clk 1:30:57]} c6 {[%clk 1:30:52]} 2. d4 {[%clk 1:31:22]} d5 {[%clk
1:31:17]} 3. Nc3 {[%clk 1:31:48]} dxe4 {[%clk 1:31:41]} 4. Nxe4 {[%clk
1:32:15]} Bf5 {[%clk 1:32:03]} 5. Ng3 {[%clk 1:32:34]} Bg6 {[%clk 1:32:28]} 6.
h4 {[%clk 1:32:47]} h6 {[%clk 1:32:53]} 7. h5 {[%clk 1:32:49]} Bh7 {[%clk
1:33:13]} 8. Nf3 {[%clk 1:32:56]} Nd7 {[%clk 1:33:31]} 9. Bd3 {[%clk 1:32:55]}
Bxd3 {[%clk 1:33:53]} 10. Qxd3 {[%clk 1:33:13]} Ngf6 {[%clk 1:34:07]} 11. Bd2
{[%clk 1:32:55]} e6 {[%clk 1:34:11]} 12. O-O-O {[%clk 1:33:04]} Bd6 {[%clk
1:33:39]} 13. Ne4 {[%clk 1:33:11]} Nxe4 {[%clk 1:31:17]} 14. Qxe4 {[%clk
1:33:30]} Nf6 {[%clk 1:31:39]} 15. Qe2 {[%clk 1:33:38]} O-O {[%clk 1:28:09]}
16. g4 {[%clk 1:32:43]} Nxg4 {[%clk 1:18:53]} 17. Rhg1 {[%clk 1:32:19]} f5
{[%clk 1:15:47]} 18. Qxe6+ {[%clk 1:28:06]} Rf7 {[%clk 1:11:49]} 19. Rde1
{[%clk 1:19:34]} Qe7 {[%clk 1:09:43]} 20. Qc4 {[%clk 1:15:49]} Qd7 {[%clk
1:01:46]} 21. Nh4 {[%clk 1:10:21]} Kh7 {[%clk 0:53:50]} 22. f3 {[%clk 0:58:17]}
Nf6 {[%clk 0:46:33]} 23. Qd3 {[%clk 0:54:19]} Nxh5 {[%clk 0:44:30]} 24. Rg2
{[%clk 0:47:27]} Bg3 {[%clk 0:43:37]} 25. Rh1 {[%clk 0:45:59]} Qe6 {[%clk
0:40:24]} 26. Kb1 {[%clk 0:45:33]} Qf6 {[%clk 0:40:13]} 27. Nxf5 {[%clk
0:43:09]} Qxf5 {[%clk 0:40:31]} 28. Rxh5 {[%clk 0:43:12]} Qxd3 {[%clk 0:40:19]}
29. cxd3 {[%clk 0:43:37]} Bf4 {[%clk 0:39:58]} 30. Bxf4 {[%clk 0:41:35]} Rxf4
{[%clk 0:40:19]} 31. Rf2 {[%clk 0:41:04]} Rxd4 {[%clk 0:40:29]} 32. Rd2 {[%clk
0:41:13]} Rf8 {[%clk 0:40:48]} 33. Rh3 {[%clk 0:41:36]} Rd5 {[%clk 0:39:42]}
34. a3 {[%clk 0:40:49]} Re8 {[%clk 0:39:31]} 35. f4 {[%clk 0:41:05]} Rd4 {[%clk
0:39:48]} 36. Rf3 {[%clk 0:41:08]} Kg6 {[%clk 0:39:41]} 37. Kc2 {[%clk
0:41:26]} c5 {[%clk 0:40:01]} 38. Kc3 {[%clk 0:41:01]} Red8 {[%clk 0:37:52]}
39. Rg2+ {[%clk 0:40:46]} Kf6 {[%clk 0:38:07]} 40. f5 {[%clk 0:40:59]} R4d6
{[%clk 0:34:26]} 41. Rg6+ {[%clk 0:38:40]} Kf7 {[%clk 0:33:36]} 42. Rgg3 {[%clk
0:37:46]} b5 {[%clk 0:33:08]} 43. Rg4 {[%clk 0:36:59]} Kf6 {[%clk 0:32:26]} 44.
Rg6+ {[%clk 0:37:22]} Kf7 {[%clk 0:32:45]} 45. Rg4 {[%clk 0:36:51]} Kf6 46.
Rfg3 Kxf5 47. Rxg7 R8d7 1/2-1/2

[Event "DVM U12 2017"]
[Site "Magdeburg GER"]
[Date "2017.12.29"]
[Round "5"]
[White "Eisl, Ralf"]
[Black "Lipinsky, Pierre"]
[Result "1-0"]
[Termination "normal"]
[Board "5.4"]
[WhiteElo "1172"]
[BlackElo "1190"]
[WhiteClock "00:59:36"]
[BlackClock "00:52:24"]
[WhiteTeam "SC Vaterstetten"]
[BlackTeam "SC Tarrasch 45 München"]
[PlyCount "67"]
[WhiteFideId "16255445"]
[BlackFideId "16206290"]
[EventCountry "GER"]
[EventRounds "7"]
[EventType "team-swiss"]
[EventDate "2017.12.26"]

1. d4 d5 2. Nf3 Nf6 3. b3 c5 4. e3 Nc6 5. Bb2 Bg4 6. Nbd2 e6 7. Bd3 Bd6 {[%clk
1:28:34]} 8. Qe2 {[%clk 1:31:51]} O-O {[%clk 1:27:57]} 9. c4 {[%clk 1:32:12]}
dxc4 {[%clk 1:27:07]} 10. Nxc4 {[%clk 1:32:19]} Be7 {[%clk 1:25:06]} 11. h3
{[%clk 1:32:22]} Bh5 {[%clk 1:22:39]} 12. Nce5 {[%clk 1:31:44]} cxd4 {[%clk
1:18:55]} 13. Nxc6 {[%clk 1:32:07]} bxc6 {[%clk 1:19:06]} 14. exd4 {[%clk
1:29:49]} Qd7 {[%clk 1:15:46]} 15. O-O {[%clk 1:26:30]} Rad8 {[%clk 1:15:23]}
16. Rfc1 {[%clk 1:21:32]} c5 {[%clk 1:12:12]} 17. Bb5 {[%clk 1:20:18]} Bxf3
{[%clk 1:11:26]} 18. gxf3 {[%clk 1:20:12]} Qc7 {[%clk 1:09:07]} 19. b4 {[%clk
1:18:00]} Qb7 {[%clk 1:07:52]} 20. dxc5 {[%clk 1:14:40]} Rb8 {[%clk 1:06:41]}
21. a4 {[%clk 1:08:16]} a6 {[%clk 1:05:08]} 22. c6 {[%clk 1:08:04]} Qc7 {[%clk
1:01:55]} 23. Be5 {[%clk 1:07:27]} Bd6 {[%clk 0:59:17]} 24. Bxd6 {[%clk
1:07:07]} Qxd6 {[%clk 0:58:54]} 25. c7 {[%clk 1:05:30]} Rbc8 {[%clk 0:59:08]}
26. Bxa6 {[%clk 1:04:54]} Rxc7 {[%clk 0:59:25]} 27. Rxc7 {[%clk 1:04:23]} Qxc7
{[%clk 0:59:49]} 28. Qc4 {[%clk 1:03:54]} Qe5 {[%clk 0:58:21]} 29. Rc1 {[%clk
1:03:10]} Qg5+ {[%clk 0:56:46]} 30. Kh2 {[%clk 1:01:29]} Nd5 {[%clk 0:53:34]}
31. Rg1 {[%clk 1:00:14]} Qe5+ {[%clk 0:53:05]} 32. Kh1 {[%clk 0:59:59]} Qd6
{[%clk 0:52:42]} 33. Qd4 {[%clk 0:59:36]} Qxb4 {[%clk 0:52:24]} 34. Qxg7# 1-0

[Event "DVM U12 2017"]
[Site "Magdeburg GER"]
[Date "2017.12.29"]
[Round "5"]
[White "Pikalow, Michael"]
[Black "Wiedersich, Hendryk"]
[Result "1-0"]
[Termination "normal"]
[Board "6.1"]
[WhiteElo "1504"]
[BlackElo "1447"]
[WhiteClock "00:27:02"]
[BlackClock "01:11:21"]
[WhiteTeam "USC Magdeburg"]
[BlackTeam "SV Dresden-Leuben"]
[PlyCount "117"]
[WhiteFideId "16227638"]
[BlackFideId "16255399"]
[EventCountry "GER"]
[EventRounds "7"]
[EventType "team-swiss"]
[EventDate "2017.12.26"]

1. e4 e6 2. d4 d5 3. Nc3 Bb4 4. exd5 exd5 5. Bd3 Nf6 6. Qe2+ Be6 7. Nf3 O-O 8.
Bd2 {[%clk 1:25:16]} c6 {[%clk 1:30:20]} 9. Na4 {[%clk 1:20:12]} Qa5 {[%clk
1:30:01]} 10. Nc5 {[%clk 1:19:14]} Qb6 {[%clk 1:29:36]} 11. Bxb4 {[%clk
1:19:13]} Qxb4+ {[%clk 1:29:56]} 12. c3 {[%clk 1:19:37]} Qb6 {[%clk 1:30:02]}
13. Nxe6 {[%clk 1:16:31]} Re8 {[%clk 1:30:18]} 14. O-O {[%clk 1:16:40]} Rxe6
{[%clk 1:30:34]} 15. Qc2 {[%clk 1:16:59]} Nbd7 {[%clk 1:30:16]} 16. Ng5 {[%clk
1:17:06]} Rd6 {[%clk 1:30:16]} 17. Nxh7 {[%clk 1:16:57]} Nxh7 {[%clk 1:30:20]}
18. Bxh7+ {[%clk 1:17:20]} Kh8 {[%clk 1:30:31]} 19. Bd3 {[%clk 1:17:22]} Qc7
{[%clk 1:30:25]} 20. Rae1 {[%clk 1:16:58]} Rh6 {[%clk 1:30:31]} 21. h3 {[%clk
1:13:22]} Nf6 {[%clk 1:24:28]} 22. Qe2 {[%clk 1:13:40]} g6 {[%clk 1:24:22]} 23.
Qe5 {[%clk 1:13:11]} Qxe5 {[%clk 1:23:36]} 24. dxe5 {[%clk 1:13:33]} Ne8 {[%clk
1:23:38]} 25. e6 {[%clk 1:13:35]} f5 {[%clk 1:23:50]} 26. c4 {[%clk 1:13:09]}
d4 {[%clk 1:23:34]} 27. c5 {[%clk 1:12:36]} b5 {[%clk 1:23:34]} 28. Bc2 {[%clk
1:07:27]} a5 {[%clk 1:22:11]} 29. a4 {[%clk 1:07:25]} b4 {[%clk 1:22:26]} 30.
Rd1 {[%clk 1:06:19]} Rd8 {[%clk 1:21:44]} 31. Rd3 {[%clk 1:05:12]} Rh7 {[%clk
1:18:36]} 32. Rfd1 {[%clk 0:46:08]} Re7 {[%clk 1:17:12]} 33. Rxd4 {[%clk
0:46:17]} Rxd4 {[%clk 1:17:23]} 34. Rxd4 {[%clk 0:46:39]} Rxe6 {[%clk 1:17:45]}
35. Kf1 {[%clk 0:47:06]} Kg7 {[%clk 1:17:31]} 36. Bb3 {[%clk 0:45:44]} Re5
{[%clk 1:17:36]} 37. Rd7+ {[%clk 0:46:03]} Kf6 {[%clk 1:17:12]} 38. f4 {[%clk
0:44:51]} Re7 {[%clk 1:17:08]} 39. Rxe7 {[%clk 0:43:55]} Kxe7 {[%clk 1:15:41]}
40. Ke2 {[%clk 0:43:39]} Nf6 {[%clk 1:15:43]} 41. Ke3 {[%clk 0:38:22]} Ne4
{[%clk 1:15:24]} 42. Kd4 {[%clk 0:38:20]} Kf6 {[%clk 1:13:47]} 43. Bc2 {[%clk
0:34:41]} Ng3 {[%clk 1:13:37]} 44. Bd1 {[%clk 0:34:20]} Nh5 {[%clk 1:13:36]}
45. Bf3 {[%clk 0:28:49]} Nxf4 {[%clk 1:12:39]} 46. Bxc6 {[%clk 0:29:08]} Ke6
{[%clk 1:12:39]} 47. Kc4 {[%clk 0:28:53]} g5 {[%clk 1:11:41]} 48. Kb5 {[%clk
0:29:07]} Nd3 {[%clk 1:11:59]} 49. Kxa5 {[%clk 0:28:15]} b3 {[%clk 1:12:24]}
50. Bb5 {[%clk 0:25:43]} Nxb2 {[%clk 1:11:40]} 51. Kb4 {[%clk 0:25:58]} Nd1
{[%clk 1:12:01]} 52. Kxb3 {[%clk 0:25:37]} Ne3 {[%clk 1:12:22]} 53. Bc6 {[%clk
0:25:50]} f4 {[%clk 1:11:57]} 54. a5 {[%clk 0:25:55]} Nf5 {[%clk 1:12:07]} 55.
Kc4 {[%clk 0:25:58]} Ne7 {[%clk 1:11:49]} 56. Bf3 {[%clk 0:26:19]} Kf6 {[%clk
1:11:14]} 57. Bb7 {[%clk 0:26:29]} Ng6 {[%clk 1:11:04]} 58. a6 {[%clk 0:26:52]}
Ne5+ {[%clk 1:11:21]} 59. Kd4 {[%clk 0:27:02]} 1-0

[Event "DVM U12 2017"]
[Site "Magdeburg GER"]
[Date "2017.12.29"]
[Round "5"]
[White "Phan Trong, Dai"]
[Black "Hoffmann, Siegfried"]
[Result "0-1"]
[Termination "normal"]
[Board "6.2"]
[WhiteElo "1587"]
[BlackElo "1552"]
[WhiteClock "01:03:35"]
[BlackClock "01:14:43"]
[WhiteTeam "SV Dresden-Leuben"]
[BlackTeam "USC Magdeburg"]
[PlyCount "40"]
[WhiteFideId "16236939"]
[BlackFideId "16252268"]
[EventCountry "GER"]
[EventRounds "7"]
[EventType "team-swiss"]
[EventDate "2017.12.26"]

1. c4 {[%clk 1:30:57]} e5 {[%clk 1:30:22]} 2. Nc3 {[%clk 1:31:20]} Nc6 {[%clk
1:30:35]} 3. g3 {[%clk 1:31:34]} g6 {[%clk 1:30:47]} 4. Bg2 {[%clk 1:31:54]}
Bg7 {[%clk 1:31:08]} 5. d3 {[%clk 1:32:17]} d6 {[%clk 1:31:18]} 6. e4 {[%clk
1:32:39]} Nge7 {[%clk 1:31:23]} 7. Nge2 {[%clk 1:32:57]} O-O {[%clk 1:31:38]}
8. O-O {[%clk 1:33:21]} f5 {[%clk 1:31:47]} 9. f4 {[%clk 1:33:42]} fxe4 {[%clk
1:27:44]} 10. Bxe4 {[%clk 1:33:50]} Bf5 {[%clk 1:27:54]} 11. Bg2 {[%clk
1:33:33]} Rb8 {[%clk 1:27:06]} 12. a3 {[%clk 1:32:33]} a6 {[%clk 1:26:25]} 13.
b4 {[%clk 1:25:49]} Bg4 {[%clk 1:24:22]} 14. Qb3 {[%clk 1:19:50]} exf4 {[%clk
1:23:18]} 15. Nxf4 {[%clk 1:14:37]} Nd4 {[%clk 1:23:20]} 16. Qa2 {[%clk
1:14:49]} g5 {[%clk 1:22:09]} 17. Nfd5 {[%clk 1:10:27]} c6 {[%clk 1:17:27]} 18.
Nxe7+ {[%clk 1:10:34]} Qxe7 {[%clk 1:17:46]} 19. Rb1 {[%clk 1:03:10]} Rxf1+
{[%clk 1:14:43]} 20. Kxf1 {[%clk 1:03:35]} Rf8+ 0-1

[Event "DVM U12 2017"]
[Site "Magdeburg GER"]
[Date "2017.12.29"]
[Round "5"]
[White "Herter, Arne"]
[Black "Hentschel, Lena"]
[Result "0-1"]
[Termination "normal"]
[Board "6.3"]
[WhiteElo "1342"]
[BlackElo "1449"]
[WhiteClock "00:49:58"]
[BlackClock "00:19:20"]
[WhiteTeam "USC Magdeburg"]
[BlackTeam "SV Dresden-Leuben"]
[PlyCount "70"]
[WhiteFideId "16255372"]
[BlackFideId "16240324"]
[EventCountry "GER"]
[EventRounds "7"]
[EventType "team-swiss"]
[EventDate "2017.12.26"]

1. e4 e5 2. Nf3 Nc6 3. Nc3 Bc5 4. Bb5 Nf6 5. O-O {[%clk 1:30:04]} O-O {[%clk
1:26:47]} 6. Bxc6 {[%clk 1:26:26]} dxc6 {[%clk 1:26:02]} 7. Nxe5 {[%clk
1:26:11]} Re8 {[%clk 1:24:50]} 8. Nf3 {[%clk 1:26:09]} Nxe4 {[%clk 1:23:48]} 9.
Nxe4 {[%clk 1:25:48]} Rxe4 {[%clk 1:23:22]} 10. d3 {[%clk 1:25:36]} Re8 {[%clk
1:22:00]} 11. Bg5 {[%clk 1:24:22]} Qd6 {[%clk 1:17:57]} 12. h3 {[%clk 1:22:22]}
h6 {[%clk 1:17:02]} 13. Bh4 {[%clk 1:21:31]} Qg6 {[%clk 1:12:27]} 14. Bg3
{[%clk 1:20:24]} Bb6 {[%clk 1:06:11]} 15. Qd2 {[%clk 1:19:06]} Qf6 {[%clk
1:02:07]} 16. b4 {[%clk 1:14:11]} Be6 {[%clk 0:49:03]} 17. a4 {[%clk 1:13:37]}
a5 {[%clk 0:47:47]} 18. c3 {[%clk 1:09:20]} Rac8 {[%clk 0:35:55]} 19. Qb2
{[%clk 1:03:16]} Rb8 {[%clk 0:33:47]} 20. c4 {[%clk 1:00:57]} Qxb2 {[%clk
0:33:48]} 21. c5 {[%clk 0:59:27]} Ba7 {[%clk 0:30:51]} 22. Bxc7 {[%clk
0:59:50]} Rbc8 {[%clk 0:30:45]} 23. Bxa5 {[%clk 1:00:07]} Bd5 {[%clk 0:27:44]}
24. Nh4 {[%clk 0:56:10]} g6 {[%clk 0:25:13]} 25. Rfd1 {[%clk 0:52:45]} Qd4
{[%clk 0:24:47]} 26. Nf3 {[%clk 0:52:00]} Bxf3 {[%clk 0:25:07]} 27. gxf3 {[%clk
0:52:23]} Re2 {[%clk 0:24:46]} 28. Rf1 {[%clk 0:50:58]} Rce8 {[%clk 0:22:31]}
29. Rad1 {[%clk 0:49:57]} R8e5 {[%clk 0:19:14]} 30. Bc7 {[%clk 0:49:14]} Rg5+
{[%clk 0:19:06]} 31. Bg3 {[%clk 0:49:37]} Rxg3+ {[%clk 0:19:19]} 32. Kh2 {[%clk
0:49:36]} Rxf3 {[%clk 0:18:58]} 33. Kg2 {[%clk 0:49:42]} Rexf2+ {[%clk
0:19:06]} 34. Rxf2 {[%clk 0:49:36]} Qxf2+ {[%clk 0:19:27]} 35. Kh1 {[%clk
0:49:58]} Rxh3# {[%clk 0:19:20]} 0-1

[Event "DVM U12 2017"]
[Site "Magdeburg GER"]
[Date "2017.12.29"]
[Round "5"]
[White "von Rechenberg, Johannes Paul"]
[Black "Schiffner, Robin"]
[Result "1-0"]
[Termination "normal"]
[Board "6.4"]
[WhiteElo "1243"]
[BlackElo "1382"]
[WhiteClock "01:12:07"]
[BlackClock "00:52:45"]
[WhiteTeam "SV Dresden-Leuben"]
[BlackTeam "USC Magdeburg"]
[PlyCount "53"]
[WhiteFideId "16224892"]
[BlackFideId "16210328"]
[EventCountry "GER"]
[EventRounds "7"]
[EventType "team-swiss"]
[EventDate "2017.12.26"]

1. e4 {[%clk 1:30:57]} c5 {[%clk 1:30:55]} 2. Nf3 {[%clk 1:31:12]} d6 {[%clk
1:31:19]} 3. h3 {[%clk 1:31:04]} Nf6 {[%clk 1:31:11]} 4. Nc3 {[%clk 1:31:02]}
Nc6 {[%clk 1:31:28]} 5. Bc4 {[%clk 1:30:45]} e6 {[%clk 1:31:43]} 6. d3 {[%clk
1:27:36]} Be7 {[%clk 1:30:22]} 7. O-O {[%clk 1:26:27]} Bd7 {[%clk 1:28:17]} 8.
Bg5 {[%clk 1:24:49]} O-O {[%clk 1:27:33]} 9. Re1 {[%clk 1:24:06]} Qc7 {[%clk
1:23:01]} 10. Qe2 {[%clk 1:20:28]} h6 {[%clk 1:18:27]} 11. Bh4 {[%clk 1:20:43]}
e5 {[%clk 1:18:26]} 12. Nd5 {[%clk 1:19:54]} Nxd5 {[%clk 1:17:34]} 13. Bxd5
{[%clk 1:20:06]} Bxh4 {[%clk 1:16:36]} 14. Nxh4 {[%clk 1:20:23]} Nd4 {[%clk
1:15:35]} 15. Qd2 {[%clk 1:19:23]} Bxh3 {[%clk 1:09:08]} 16. gxh3 {[%clk
1:18:00]} g5 {[%clk 1:09:11]} 17. c3 {[%clk 1:18:07]} Qa5 {[%clk 1:09:03]} 18.
Qd1 {[%clk 1:17:46]} gxh4 {[%clk 1:06:44]} 19. cxd4 {[%clk 1:17:37]} cxd4
{[%clk 1:06:31]} 20. Qg4+ {[%clk 1:13:29]} Kh8 {[%clk 1:06:00]} 21. Qxh4 {[%clk
1:12:57]} Rg8+ {[%clk 1:03:41]} 22. Kh1 {[%clk 1:12:36]} Rg7 {[%clk 1:00:34]}
23. Qxh6+ {[%clk 1:11:38]} Kg8 {[%clk 1:00:47]} 24. Rg1 {[%clk 1:11:42]} Kf8
{[%clk 0:56:12]} 25. Qxg7+ {[%clk 1:11:44]} Ke8 {[%clk 0:52:36]} 26. Qxf7+
{[%clk 1:12:07]} Kd8 {[%clk 0:52:45]} 27. Rg8# 1-0

[Event "DVM U12 2017"]
[Site "Magdeburg GER"]
[Date "2017.12.29"]
[Round "5"]
[White "Strehse, Nelson"]
[Black "Lauterbach, Kolja"]
[Result "1/2-1/2"]
[Termination "normal"]
[Board "7.1"]
[WhiteElo "1172"]
[BlackElo "1683"]
[WhiteTeam "Klub Kölner SF"]
[BlackTeam "SK Freiburg-Zähringen"]
[PlyCount "58"]
[WhiteFideId "16228898"]
[BlackFideId "16235916"]
[EventCountry "GER"]
[EventRounds "7"]
[EventType "team-swiss"]
[EventDate "2017.12.26"]

1. e4 e5 2. Nf3 Nc6 3. Bc4 Nf6 4. d3 Bc5 5. Nc3 d6 6. Be3 Bb6 7. h3 Be6 8. Bb3
h6 9. O-O O-O 10. Re1 Qd7 11. Qd2 Nd4 12. Bxd4 exd4 13. Nd5 Nxd5 14. exd5 Bf5
15. Qf4 g5 16. Qd2 Kh7 17. Nh2 Rg8 18. Qe2 Rae8 19. Qf3 Ba5 20. Ba4 Rxe1+ 21.
Rxe1 Qxa4 22. Qxf5+ Kg7 23. Re7 Rf8 24. Ng4 Qxc2 25. Qf6+ Kg8 26. Nxh6+ Kh7 27.
Rxf7+ Rxf7 28. Qxf7+ Kxh6 29. Qf6+ Kh7 1/2-1/2

[Event "DVM U12 2017"]
[Site "Magdeburg GER"]
[Date "2017.12.29"]
[Round "5"]
[White "Straub, Benno"]
[Black "Maric, Anton"]
[Result "1-0"]
[Termination "normal"]
[Board "7.2"]
[WhiteElo "1492"]
[BlackElo "1314"]
[WhiteTeam "SK Freiburg-Zähringen"]
[BlackTeam "Klub Kölner SF"]
[PlyCount "89"]
[WhiteFideId "16255488"]
[BlackFideId "16211375"]
[EventCountry "GER"]
[EventRounds "7"]
[EventType "team-swiss"]
[EventDate "2017.12.26"]

1. e4 e6 2. d4 d5 3. exd5 exd5 4. c4 Nf6 5. Nc3 c6 6. Nf3 Bf5 7. Bg5 Be7 8. Be2
O-O 9. O-O Nbd7 10. Qb3 Nb6 11. c5 Nbd7 12. Qxb7 Qc8 13. Ba6 Nb8 14. Rfe1 Nxa6
15. Qxc8 Raxc8 16. Rxe7 Nd7 17. Ne5 Nxe5 18. Rxe5 Bg6 19. Re7 Rc7 20. Rae1 f6
21. Bf4 Rxe7 22. Rxe7 Re8 23. Rxe8+ Bxe8 24. a3 Kf7 25. b4 Ke6 26. g4 g5 27.
Bd6 h6 28. Kf1 Bd7 29. f3 f5 30. h3 fxg4 31. hxg4 Kf6 32. Ke2 Kg6 33. Kd2 h5
34. gxh5+ Kxh5 35. Kc2 g4 36. fxg4+ Kxg4 37. Kb3 Kf3 38. a4 Ke3 39. b5 Nxc5+
40. Bxc5 a6 41. bxa6 Bc8 42. a7 Bb7 43. a5 Kd3 44. a6 Ba8 45. Na4 1-0

[Event "DVM U12 2017"]
[Site "Magdeburg GER"]
[Date "2017.12.29"]
[Round "5"]
[White "Tugui, David"]
[Black "Tolstorukova, Amelie"]
[Result "1/2-1/2"]
[Termination "normal"]
[Board "7.3"]
[WhiteElo "1168"]
[BlackElo "1223"]
[WhiteTeam "Klub Kölner SF"]
[BlackTeam "SK Freiburg-Zähringen"]
[PlyCount "125"]
[WhiteFideId "16255518"]
[BlackFideId "16255496"]
[EventCountry "GER"]
[EventRounds "7"]
[EventType "team-swiss"]
[EventDate "2017.12.26"]

1. e4 e6 2. d4 d5 3. exd5 exd5 4. Bd3 c5 5. Nf3 Qb6 6. c3 Nc6 7. Qe2+ Be7 8.
Be3 cxd4 9. Bxd4 Nxd4 10. Nxd4 Nf6 11. O-O Bg4 12. Bb5+ Kf8 13. Qd3 a6 14. f3
Bd7 15. Bxd7 Qxb2 16. Nd2 Nxd7 17. Rfb1 Qa3 18. N2b3 g6 19. Nc2 Qd6 20. Ne3 Nb6
21. Rd1 Bf6 22. Rac1 Rc8 23. c4 Be5 24. g3 Bxg3 25. hxg3 Qxg3+ 26. Ng2 dxc4 27.
Qc3 cxb3 28. Qb4+ Kg7 29. Qxb6 h5 30. Qd4+ Kh7 31. axb3 Rhd8 32. Qe3 h4 33. Qf4
Rxd1+ 34. Rxd1 Qxf4 35. Nxf4 g5 36. Nh3 f5 37. Nxg5+ Kg6 38. f4 Kh5 39. Kh2 Kg4
40. Ne6 a5 41. Rd7 b5 42. Rb7 a4 43. Rxb5 a3 44. Ra5 Re8 45. Ng7 Rf8 46. Ne6
Rf6 47. Nc7 Rd6 48. Rxa3 Rd2+ 49. Kh1 Rb2 50. Ne6 Kg3 51. b4+ Kg4 52. Ra4 Kg3
53. Ra3+ Kg4 54. Ra4 Rb3 55. Kh2 Rb2+ 56. Kh1 h3 57. Nc5 h2 58. Ra3 Rxb4 59.
Nd3 Rb1+ 60. Kxh2 Kf3 61. Rc3 Rf1 62. Ra3 Ke3 63. Rb3 1/2-1/2

[Event "DVM U12 2017"]
[Site "Magdeburg GER"]
[Date "2017.12.29"]
[Round "5"]
[White "Trimpin, Fynn"]
[Black "Theisen, Johannes"]
[Result "1-0"]
[Termination "normal"]
[Board "7.4"]
[WhiteElo "1028"]
[BlackElo "1177"]
[WhiteTeam "SK Freiburg-Zähringen"]
[BlackTeam "Klub Kölner SF"]
[PlyCount "65"]
[WhiteFideId "16255500"]
[BlackFideId "16255526"]
[EventCountry "GER"]
[EventRounds "7"]
[EventType "team-swiss"]
[EventDate "2017.12.26"]

1. e4 e5 2. Nf3 Nc6 3. Bc4 Bc5 4. Nc3 Nf6 5. d3 d6 6. Bg5 h6 7. Bh4 Be6 8. Bb3
Qd7 9. Nd5 Bxd5 10. Bxd5 Nxd5 11. exd5 Ne7 12. c4 Ng6 13. Bg3 O-O-O 14. a3 f5
15. b4 Bd4 16. Nxd4 exd4 17. O-O h5 18. f3 h4 19. Bf2 Qe7 20. Qa4 Kb8 21. Bxd4
c5 22. bxc5 dxc5 23. Rfe1 Qc7 24. Bc3 Qd7 25. Qxd7 Rxd7 26. Re6 Nf4 27. Be5+
Kc8 28. Bxf4 Rh5 29. Rb1 b6 30. a4 g5 31. Be5 g4 32. a5 bxa5 33. Rb8# 1-0

[Event "DVM U12 2017"]
[Site "Magdeburg GER"]
[Date "2017.12.29"]
[Round "5"]
[White "Kalina, Lena"]
[Black "Toval, David"]
[Result "0-1"]
[Termination "normal"]
[Board "8.1"]
[WhiteElo "1440"]
[BlackElo "1798"]
[WhiteTeam "SC Landskrone"]
[BlackTeam "SK Münster"]
[PlyCount "108"]
[WhiteFideId "12988014"]
[BlackFideId "12992755"]
[EventCountry "GER"]
[EventRounds "7"]
[EventType "team-swiss"]
[EventDate "2017.12.26"]

1. d4 Nf6 2. Nf3 e6 3. c4 b6 4. g3 Bb7 5. Bg2 Be7 6. O-O O-O 7. b3 d6 8. Bb2
Nbd7 9. Nc3 c5 10. Qc2 Rc8 11. Rfd1 Qc7 12. Nb5 Qb8 13. Qd2 Ne4 14. Qe3 d5 15.
cxd5 Bxd5 16. Nc3 cxd4 17. Nxd4 Nxc3 18. Bxc3 Nf6 19. Rac1 Bxg2 20. Kxg2 Nd5
21. Qf3 Ba3 22. Rc2 Rfd8 23. Rdd2 Qa8 24. Nb5 Bc5 25. Kg1 Nxc3 26. Rxd8+ Rxd8
27. Qxa8 Nxe2+ 28. Rxe2 Rxa8 29. Rd2 a6 30. Nd6 Rd8 31. Ne4 Rxd2 32. Nxd2 Kf8
33. Kf1 Ke7 34. Ne4 f5 35. Nxc5 bxc5 36. f4 e5 37. fxe5 Ke6 38. Ke2 Kxe5 39.
Ke3 g5 40. Kd3 f4 41. gxf4+ gxf4 42. Ke2 Ke4 43. Kf2 f3 44. Kf1 Ke3 45. Ke1 h5
46. a3 a5 47. h4 f2+ 48. Kf1 a4 49. bxa4 c4 50. a5 c3 51. a6 c2 52. a7 c1=Q+
53. Kg2 Qg1+ 54. Kh3 f1=B# 0-1

[Event "DVM U12 2017"]
[Site "Magdeburg GER"]
[Date "2017.12.29"]
[Round "5"]
[White "Behr, Julian"]
[Black "Tenbosch, Till Theo"]
[Result "1-0"]
[Termination "normal"]
[Board "8.3"]
[WhiteElo "1282"]
[BlackElo "1030"]
[WhiteTeam "SC Landskrone"]
[BlackTeam "SK Münster"]
[PlyCount "93"]
[WhiteFideId "16255410"]
[BlackFideId "16255461"]
[EventCountry "GER"]
[EventRounds "7"]
[EventType "team-swiss"]
[EventDate "2017.12.26"]

1. e4 d5 2. exd5 Qxd5 3. Nc3 Qa5 4. Nf3 Nf6 5. g3 Bf5 6. Bg2 e6 7. d3 c6 8. O-O
Nbd7 9. Re1 Bb4 10. Bd2 Bxc3 11. Bxc3 Qc7 12. Qd2 O-O 13. Ne5 Rfe8 14. Nxd7
Nxd7 15. Qg5 f6 16. Qd2 Nb6 17. b3 e5 18. Be4 Qd7 19. Bxf5 Qxf5 20. Re2 Re6 21.
Rae1 Rae8 22. Bb2 h5 23. Re4 g5 24. Qe2 g4 25. d4 Nd7 26. c4 b6 27. d5 cxd5 28.
cxd5 R6e7 29. Qc4 Rh7 30. a4 Kf7 31. Ba3 Rg8 32. d6+ Kf8 33. Qc6 h4 34. Qc8+
Kf7 35. Qc4+ Kf8 36. Rf1 Qh5 37. Qc8+ Kg7 38. Qxd7+ Kh8 39. Qe6 hxg3 40. Qxf6+
Rgg7 41. h4 Rh6 42. Rxe5 Rxf6 43. Rxh5+ Kg8 44. fxg3 Rf3 45. Rxf3 gxf3 46. Rg5
Rxg5 47. hxg5 1-0

[Event "DVM U12 2017"]
[Site "Magdeburg GER"]
[Date "2017.12.29"]
[Round "5"]
[White "Weidemann, Jakob"]
[Black "Kinsky, Leonhard"]
[Result "1/2-1/2"]
[Termination "normal"]
[Board "8.4"]
[WhiteElo "963"]
[BlackElo "1276"]
[WhiteTeam "SK Münster"]
[BlackTeam "SC Landskrone"]
[PlyCount "79"]
[WhiteFideId "16255470"]
[BlackFideId "16255429"]
[EventCountry "GER"]
[EventRounds "7"]
[EventType "team-swiss"]
[EventDate "2017.12.26"]

1. e4 d5 2. exd5 Qxd5 3. Nc3 Qa5 4. Nf3 Bg4 5. d3 Nf6 6. h3 Bh5 7. g4 Bg6 8.
Bg2 Nc6 9. Bd2 e6 10. a3 Bd6 11. Ne4 Qb6 12. Nxd6+ cxd6 13. Bc3 O-O 14. h4 Nxg4
15. Qe2 Bh5 16. Ng5 h6 17. Bf3 Nd4 18. Bxd4 Qxd4 19. c3 Qxf2+ 20. Qxf2 Nxf2 21.
Kxf2 Bxf3 22. Nxf3 Rad8 23. Rad1 f6 24. Nd4 Rfe8 25. Rhg1 Kf7 26. Rg3 g5 27.
hxg5 hxg5 28. Rh1 Rh8 29. Rgh3 Rxh3 30. Rxh3 e5 31. Nf5 Ke6 32. Ne3 Rd7 33. Rh6
b5 34. d4 exd4 35. cxd4 d5 36. Ng4 Rf7 37. Ne5 Rc7 38. Nf3 Rg7 39. Ne5 Kf5 40.
Nf3 1/2-1/2

[Event "DVM U12 2017"]
[Site "Magdeburg GER"]
[Date "2017.12.29"]
[Round "5"]
[White "Kittel, Lennart"]
[Black "Quinque, Pepe"]
[Result "1-0"]
[Termination "normal"]
[Board "9.1"]
[WhiteElo "1116"]
[BlackElo "992"]
[WhiteTeam "SF 1876 Göppingen"]
[BlackTeam "VfL Gräfenhainichen"]
[PlyCount "45"]
[WhiteFideId "16254171"]
[BlackFideId "16255550"]
[EventCountry "GER"]
[EventRounds "7"]
[EventType "team-swiss"]
[EventDate "2017.12.26"]

1. d4 d5 2. c4 dxc4 3. Nc3 Nf6 4. e4 e6 5. Bxc4 Bb4 6. Qd3 Nc6 7. Nf3 O-O 8.
O-O b6 9. a3 Be7 10. Bf4 Bd6 11. Bxd6 Qxd6 12. e5 Qd8 13. exf6 Qxf6 14. Rfe1
Re8 15. Qe4 Bd7 16. Bb5 e5 17. Nd5 Qd6 18. dxe5 Nxe5 19. Bxd7 Qxd7 20. Nxe5 Qd6
21. Rad1 f6 22. Qc4 fxe5 23. Nf6+ 1-0